Normal view
MARC view
- Elsevier Science Publishers
Entry Corporate Name
001 - CONTROL NUMBER
- control field: 109904
003 - CONTROL NUMBER IDENTIFIER
- control field: NUST
005 - DATE AND TIME OF LATEST TRANSACTION
- control field: 20230306153422.0
008 - FIXED-LENGTH DATA ELEMENTS
- fixed length control field: 230306|| aca||aabn | a|a d
040 ## - CATALOGING SOURCE
- Original cataloging agency: NUST
- Transcribing agency: NUST
110 ## - HEADING--CORPORATE NAME
- Corporate name or jurisdiction name as entry element: Elsevier Science Publishers
670 ## - SOURCE DATA FOUND
- Source citation: Work cat.: (NUST)188887: Soen, Bent, 109901, Renewable energy, 2004
